[Event "Turniej Niepodleglosci 2024"]
[Site "Warsaw POL"?"]
[Date "2024.11.11"]
[Round "6.6"]
[White "Gdanski, Jacek"]
[Black "Tsiapko, Andrii"]
[Result "1-0"]
[WhiteElo "2343"]
[BlackElo "2107"]

1. e4 c5 2. Nc3 Nc6 3. Nf3 g6 4. Bb5 Nd4 5. Bc4 Bg7 6. Nxd4 cxd4 7. Qf3 Nh6
8. d3 O-O 9. Ne2 Ng4 10. Bb3 d6 11. O-O Ne5 12. Qg3 Nc6 13. Qh4 a5 14. a4
Be6 15. Bxe6 fxe6 16. Bd2 Nb4 17. Qh3 Qd7 18. c3 Nc6 19. Bh6 Bxh6 20. Qxh6
dxc3 21. bxc3 Ne5 22. Qh3 Rac8 23. Rab1 Rc7 24. Rb5 Rc5 25. Rfb1 Rxb5 26.
Rxb5 b6 27. f4 Nf7 28. Nd4 Qc8 29. c4 Nd8 30. Qe3 Nc6 31. Nf3 Nb4 32. g3
Qd7 33. h4 Rc8 34. h5 Rc5 35. hxg6 hxg6 36. Rxb6 Qe8 37. e5 Qd8 38. Rb7 Nc2
39. Qe4 Kg7 40. Nh4 Qe8 41. exd6 1-0

[Event "Turniej Niepodleglosci 2024"]
[Site "Warsaw POL"?"]
[Date "2024.11.11"]
[Round "6.7"]
[White "Mickiewicz, Piotr"]
[Black "Zochowski, Kacper"]
[Result "0-1"]
[WhiteElo "2098"]
[BlackElo "2273"]

1. e4 c5 2. Nf3 e6 3. d4 cxd4 4. Nxd4 Nc6 5. Nc3 Nf6 6. Ndb5 Bc5 7. Bf4 O-O
8. Bc7 Qe7 9. Bd6 Bxd6 10. Qxd6 a6 11. Qxe7 Nxe7 12. Nd6 Ne8 13. O-O-O Nxd6
14. Rxd6 f5 15. Rd2 fxe4 16. Nxe4 d5 17. Nd6 Nf5 18. Nxf5 Rxf5 19. g3 Bd7
20. f4 Re8 21. Bh3 Rf6 22. Re1 Kf7 23. Bg4 Re7 24. h4 Ke8 25. h5 Kd8 26. c4
dxc4 27. a4 Kc7 28. a5 Bc6 29. Re5 Re8 30. f5 exf5 31. Rxf5 Re1+ 32. Rd1
Rxd1+ 33. Kxd1 Rxf5 34. Bxf5 h6 35. Kd2 Kd6 36. Kc3 Kc5 37. Be6 Bd5 38. Bd7
Bf7 39. g4 Bd5 40. Be8 Bc6 41. Bf7 Bd5 42. Be8 Bf3 43. Bd7 Be2 44. Kd2 Bf3
45. Kc3 Bd5 46. Bf5 Kb5 47. Kd4 Bg8 48. Bc8 Kxa5 49. Bxb7 Kb5 50. Ke5 a5
51. Kd6 Kb4 52. Ke7 Kb3 53. Kf8 Be6 54. g5 hxg5 55. Kxg7 Bf5 56. h6 Kxb2
57. Bc8 Bd3 58. Kf6 c3 59. Bf5 c2 0-1

[Event "Turniej Niepodleglosci 2024"]
[Site "Warsaw POL"?"]
[Date "2024.11.11"]
[Round "6.8"]
[White "Czernek, Tymon"]
[Black "Malicka, Maria"]
[Result "1-0"]
[WhiteElo "2240"]
[BlackElo "2090"]

1. e4 c5 2. Nf3 d6 3. d4 cxd4 4. Nxd4 Nf6 5. Nc3 a6 6. Bc4 e6 7. O-O b5 8.
Bb3 Be7 9. Qf3 Qc7 10. Qg3 O-O 11. Bh6 Ne8 12. Rad1 b4 13. Nce2 Kh8 14. Bd2
a5 15. c3 Na6 16. cxb4 axb4 17. Rc1 Qb7 18. Nc6 Nc5 19. Nxe7 Nxe4 20. Qf4
Nxd2 21. Ng6+ hxg6 22. Qxd2 d5 23. Nd4 Bd7 24. Rfe1 Nd6 25. Qf4 Qb6 26. Re3
Rac8 27. Rd1 Nf5 28. Nxf5 gxf5 29. Rg3 Qd8 30. Qxb4 Qf6 31. Qd2 Bb5 32. Re1
Bc4 33. Bd1 Bxa2 34. b3 Bb1 35. h4 f4 36. Rf3 e5 37. Qxd5 e4 38. Rh3 Rfd8
39. Qh5+ Kg8 40. Bg4 Bd3 41. Bxc8 Rxc8 42. Qa5 Rb8 43. h5 Rxb3 44. h6 Rb8
45. hxg7 Kxg7 46. Qh5 Qg6 47. Qe5+ f6 48. Qc7+ Qf7 49. Rh7+ 1-0

[Event "Turniej Niepodleglosci 2024"]
[Site "Warsaw POL"?"]
[Date "2024.11.11"]
[Round "6.9"]
[White "Kujawski, Adam"]
[Black "Fiszer, Bartosz"]
[Result "0-1"]
[WhiteElo "2088"]
[BlackElo "2235"]

1. Nf3 Nf6 2. c4 g6 3. b3 Bg7 4. Bb2 O-O 5. g3 e6 6. Bg2 d5 7. O-O c5 8. e3
Nc6 9. Re1 d4 10. exd4 cxd4 11. d3 a5 12. Na3 Nd7 13. Nb5 Nc5 14. Ba3 Nb4
15. Bxb4 axb4 16. Qd2 Bd7 17. Nbxd4 Qb6 18. Rad1 Rfd8 19. Ne5 Be8 20. Nc2
Bxe5 21. Rxe5 Nxd3 22. Rb5 Bxb5 23. cxb5 Nb2 0-1

[Event "Turniej Niepodleglosci 2024"]
[Site "Warsaw POL"?"]
[Date "2024.11.11"]
[Round "6.10"]
[White "Niezhentsev, Kyrylo"]
[Black "Kowalski, Witold"]
[Result "1-0"]
[WhiteElo "2232"]
[BlackElo "2013"]

1. e4 c5 2. Nf3 Nc6 3. b4 cxb4 4. d4 d5 5. exd5 Qxd5 6. c4 bxc3 7. Nxc3 Qa5
8. d5 e6 9. Bd2 exd5 10. Bd3 Bb4 11. O-O Nge7 12. Qc2 h6 13. a3 Bd6 14. Nb5
Qd8 15. Qb2 O-O 16. Bc3 f6 17. h3 a6 18. Nxd6 Qxd6 19. Rad1 Be6 20. Rfe1
Bf7 21. Bb1 b5 22. Nh4 Rfd8 23. Qc2 d4 24. Bb2 Rac8 25. Qh7+ Kf8 26. Qh8+
Ng8 27. Ng6+ Bxg6 28. Bxg6 Ne5 29. Bf5 Rc4 30. Qh7 Qe7 31. f4 g6 32. Bxg6
Qxh7 33. Bxh7 Nf7 34. Bd3 Rc7 35. Bf5 Ne7 36. Be6 Nc6 37. f5 Kg7 38. Rd3
Nfe5 39. Rg3+ Kh7 40. Bc1 d3 41. Bf4 Nd4 42. Rxd3 Ne2+ 43. Rxe2 Rxd3 44.
Bxe5 fxe5 45. f6 Rxa3 46. Rf2 b4 47. f7 Rxf7 48. Rxf7+ Kg6 49. Rb7 a5 50.
Kf2 Kg5 51. Bd5 h5 52. g3 Rc3 53. Rg7+ Kf6 54. Rf7+ Kg6 55. Ra7 Rc5 56.
Be4+ Kf6 57. Ra6+ Kg7 58. Rb6 Rc4 59. Bd5 Rc5 60. Be4 Rc4 61. Bf5 a4 62. g4
hxg4 63. hxg4 a3 64. Ra6 Rc3 65. g5 Rc7 66. Be4 Rc4 67. Ra7+ Kf8 68. Kf3
Rc1 69. g6 Rd1 70. Kg4 Rg1+ 71. Kf5 Rg3 72. Kf6 1-0

[Event "Turniej Niepodleglosci 2024"]
[Site "Warsaw POL"?"]
[Date "2024.11.11"]
[Round "7.1"]
[White "Jarmula, Lukasz"]
[Black "Radzimski, Antoni"]
[Result "1/2-1/2"]
[WhiteElo "2307"]
[BlackElo "2127"]

1. Nf3 Nf6 2. g3 g6 3. c4 Bg7 4. Nc3 O-O 5. Bg2 d6 6. O-O Nc6 7. d3 e5 8.
Rb1 a5 9. b3 d5 10. Bg5 d4 11. Nd5 Be6 12. Nd2 Bxd5 13. Bxd5 h6 14. Bxf6
Qxf6 15. a3 Qe7 16. Qc1 Kh7 17. c5 Nd8 18. b4 c6 19. Bg2 Ne6 20. Nc4 axb4
21. axb4 f5 22. Nd6 Ng5 23. b5 e4 24. h4 Nf7 25. bxc6 bxc6 26. Rb7 Qe6 27.
Nxf7 Rxf7 28. Rxf7 Qxf7 29. dxe4 Ra5 30. Qc2 f4 31. h5 Be5 32. hxg6+ Qxg6
33. Bh3 Qg5 34. Qc4 Ra7 35. Qe6 Kg7 36. Qxc6 fxg3 37. f4 Bxf4 38. Qe6 Re7
39. Qf5 Qxf5 40. Bxf5 Be3+ 41. Kg2 Rc7 1/2-1/2

[Event "Turniej Niepodleglosci 2024"]
[Site "Warsaw POL"?"]
[Date "2024.11.11"]
[Round "7.2"]
[White "Jakubowski, Krzysztof"]
[Black "Krasenkow, Michal"]
[Result "0-1"]
[WhiteElo "2351"]
[BlackElo "2399"]

1. e4 c6 2. d4 d5 3. e5 Bf5 4. Nf3 e6 5. Be2 Ne7 6. O-O Ng6 7. Re1 Be7 8.
Nbd2 Nh4 9. Nxh4 Bxh4 10. Nf3 Be7 11. a4 a5 12. c3 O-O 13. Bd3 Bxd3 14.
Qxd3 c5 15. Be3 Qc7 16. h4 cxd4 17. Bxd4 Nc6 18. Ng5 Bxg5 19. hxg5 Rfc8 20.
Re2 Nxd4 21. cxd4 Qc4 22. Qe3 Ra6 23. Kh2 Rb6 24. Ra3 Qc1 25. f4 Qxe3 26.
Rexe3 Rxb2 27. Rab3 Rcc2 28. Rxb2 Rxb2 29. Rc3 g6 30. Rc7 Rb4 31. Kg3 Rxd4
32. Rxb7 Rxa4 33. Ra7 Ra1 34. Kf2 a4 35. g4 a3 36. Ra8+ Kg7 37. Ra7 a2 38.
f5 gxf5 39. gxf5 Rh1 0-1

[Event "Turniej Niepodleglosci 2024"]
[Site "Warsaw POL"?"]
[Date "2024.11.11"]
[Round "7.3"]
[White "Fiszer, Bartosz"]
[Black "Kashlinskaya, Alina"]
[Result "1/2-1/2"]
[WhiteElo "2235"]
[BlackElo "2383"]

1. Nf3 Nf6 2. g3 g6 3. b3 Bg7 4. Bb2 c5 5. c4 d6 6. d4 Ne4 7. Bg2 Qa5+ 8.
Nbd2 Nc6 9. e3 O-O 10. O-O Nxd2 11. Nxd2 cxd4 12. Bxc6 dxe3 13. Bxg7 Kxg7
14. Ne4 exf2+ 15. Rxf2 bxc6 16. Qd4+ Qe5 17. Qxe5+ dxe5 18. Rd2 f5 19. Nc5
e4 20. Kf2 a5 21. Rad1 Kf6 22. Ke3 Ke5 23. Rd8 Be6 24. Rxf8 Rxf8 25. Rd7 g5
26. Rxe7 f4+ 27. gxf4+ gxf4+ 28. Ke2 f3+ 29. Kf2 e3+ 30. Kxe3 Kd6 31. Rxe6+
Kxc5 32. Kf2 a4 33. bxa4 Ra8 34. Kxf3 Rxa4 35. Rh6 Rxa2 36. Rxh7 Kxc4 37.
h4 c5 38. h5 Rh2 39. h6 Kc3 40. Rc7 c4 41. h7 Kd3 42. Rd7+ Kc2 43. Ke3 c3
44. Rc7 Kb2 45. Kd3 Rh3+ 46. Ke2 c2 47. Rb7+ Ka2 48. Kd2 Rh2+ 49. Kc1 Ka3
50. Rc7 Kb3 51. Rb7+ Kc3 52. Rc7+ Kd3 53. Rd7+ Ke4 54. Rc7 1/2-1/2

[Event "Turniej Niepodleglosci 2024"]
[Site "Warsaw POL"?"]
[Date "2024.11.11"]
[Round "7.4"]
[White "Orzech, Dominik"]
[Black "Gdanski, Jacek"]
[Result "1/2-1/2"]
[WhiteElo "2201"]
[BlackElo "2343"]

1. Nf3 Nf6 2. b3 g6 3. Bb2 Bg7 4. c4 O-O 5. g3 d6 6. d4 Nbd7 7. Bg2 e5 8.
dxe5 Ng4 9. O-O Ngxe5 10. Nxe5 Nxe5 11. Nc3 Re8 12. Qd2 Rb8 13. Rfd1 Be6
14. Nd5 a6 15. Rac1 b5 16. c5 c6 17. Nb4 dxc5 18. Nxa6 Ra8 19. Qxd8 Rexd8
20. Rxd8+ Rxd8 21. Nxc5 Bg4 22. Bxe5 Bxe5 23. Nd3 Bf6 24. Bxc6 Bxe2 25. Nf4
Rd2 26. Nxe2 Rxe2 27. a4 bxa4 28. bxa4 Bd4 29. Rf1 Ra2 30. Kg2 Kg7 31. Kf3
f5 32. h3 h5 33. Bb5 Kf6 34. Be8 Ba7 35. Bd7 Ke7 36. Bb5 Kf6 37. Kg2 g5 38.
Kf3 g4+ 39. hxg4 hxg4+ 40. Kg2 Bb6 41. Kg1 Kg5 42. Kg2 f4 43. gxf4+ Kxf4
44. Kh1 Bxf2 45. Kg2 g3 46. Bd7 Ke3 47. Bc6 Be1+ 48. Kh3 Rh2+ 49. Kg4 Bf2
50. Rb1 g2 51. Bxg2 Rxg2+ 52. Kf5 Kd3 53. a5 Bd4 1/2-1/2

[Event "Turniej Niepodleglosci 2024"]
[Site "Warsaw POL"?"]
[Date "2024.11.11"]
[Round "7.5"]
[White "Golis, Wiktor"]
[Black "Nguyen, Piotr"]
[Result "1/2-1/2"]
[WhiteElo "2144"]
[BlackElo "2295"]

1. e4 c5 2. Nf3 g6 3. c3 d5 4. e5 Nc6 5. d4 cxd4 6. cxd4 Bg4 7. Bb5 Qb6 8.
Bxc6+ bxc6 9. Nbd2 Qb5 10. Qe2 e6 11. Qxb5 cxb5 12. h3 Bxf3 13. Nxf3 Ne7
14. Bd2 Nc6 15. Ke2 Kd7 16. Kd3 Bg7 17. Rac1 f6 18. exf6 Bxf6 19. Rc5 a6
20. Rhc1 Rac8 21. a3 Ne7 22. Bg5 Bxg5 23. Ne5+ Kd6 24. Nf7+ Kd7 25. Ne5+
Kd6 26. Nf7+ 1/2-1/2

[Event "Turniej Niepodleglosci 2024"]
[Site "Warsaw POL"?"]
[Date "2024.11.11"]
[Round "7.6"]
[White "Zochowski, Kacper"]
[Black "Niezhentsev, Kyrylo"]
[Result "1/2-1/2"]
[WhiteElo "2273"]
[BlackElo "2232"]

1. Nf3 Nf6 2. c4 b6 3. g3 c5 4. b3 Bb7 5. Bg2 g6 6. Bb2 Bg7 7. O-O O-O 8.
d4 cxd4 9. Qxd4 d6 10. Qh4 Nbd7 11. Nc3 h6 12. Rad1 Rc8 13. Qf4 Re8 14. Qd2
Nc5 15. Ne1 Bxg2 16. Nxg2 Qc7 17. Nf4 Qb7 18. Nfd5 Nh7 19. h4 h5 20. Ne3
Red8 21. Ncd5 e6 22. Bxg7 Kxg7 23. Qb2+ f6 24. Nf4 Qf7 25. b4 Nb7 26. Rd2
Rc7 27. Rfd1 Rcd7 28. a3 Kg8 29. Nh3 Qg7 30. Nf4 Nf8 31. Qc2 Rc8 32. Qb1
Rcd8 33. Qe4 Re8 34. Qc6 Red8 35. Qe4 Qf7 36. Nc2 Rc8 37. Ne3 Rcd8 38. Nh3
Re8 39. Nf4 Red8 40. Nh3 Re8 41. Nf4 Red8 42. Nc2 Rc8 43. Ne3 Rcd8 44. Kh1
Rc8 45. Rg1 Kh8 46. Qf3 f5 47. Nh3 Nh7 48. Qf4 Qf6 49. Qd4 Qxd4 50. Rxd4
Kg7 51. Rgd1 Kf7 52. R4d3 Nf6 53. Ng5+ Ke7 54. Ng2 Ng4 55. Kg1 Rxc4 56. Nf4
e5 57. Nxg6+ Kf6 58. Nf8 Re7 59. f3 Nh6 60. Rxd6+ Nxd6 61. Rxd6+ Kg7 62.
Nfe6+ Kh8 63. Nf8 Kg7 64. Nfe6+ Kh8 65. Nf8 Kg7 66. Nfe6+ Kh8 67. Nf8 Kg7
68. Nfe6+ Kh8 69. Nf8 1/2-1/2

[Event "Turniej Niepodleglosci 2024"]
[Site "Warsaw POL"?"]
[Date "2024.11.11"]
[Round "7.7"]
[White "Chiszko, Oskar"]
[Black "Czernek, Tymon"]
[Result "0-1"]
[WhiteElo "2141"]
[BlackElo "2240"]

1. d4 d5 2. c4 c6 3. Nc3 Nf6 4. Nf3 e6 5. e3 Bd6 6. Qc2 O-O 7. Bd3 Nbd7 8.
O-O h6 9. Rd1 b6 10. e4 dxe4 11. Nxe4 Nxe4 12. Bxe4 Qc7 13. Bd2 Bb7 14. Bc3
Rad8 15. b4 Nf6 16. c5 Nxe4 17. Qxe4 Be7 18. Ne5 Rd5 19. Nc4 Rfd8 20. Ne3
R5d7 21. Rac1 Bg5 22. Rb1 Ba6 23. h4 Bxe3 24. fxe3 Bc4 25. Rd2 Qg3 26. Rf2
Bd5 27. Qf4 Qg6 28. Re1 Qd3 29. Ba1 f5 30. g4 Qe4 31. Qxe4 Bxe4 32. gxf5
exf5 33. Bc3 bxc5 34. bxc5 Rb7 35. Rd2 Kf7 36. Kf2 g5 37. hxg5 hxg5 38. Kg3
Kg6 39. Rh2 Re8 40. Ree2 Bd3 41. Re1 Rbe7 42. Kf2 Be4 43. Rh3 Bd5 44. Re2
f4 45. Bd2 g4 46. Rh4 Kg5 47. Rh2 g3+ 48. Kf1 gxh2 49. exf4+ Kf5 50. Rxh2
Bc4+ 51. Kg1 Rg7+ 0-1

[Event "Turniej Niepodleglosci 2024"]
[Site "Warsaw POL"?"]
[Date "2024.11.11"]
[Round "7.8"]
[White "Rekuc, Patryk"]
[Black "Padalka, Artem"]
[Result "1-0"]
[WhiteElo "2211"]
[BlackElo "2063"]

1. e4 c5 2. Nf3 d6 3. d4 cxd4 4. Nxd4 Nf6 5. Nc3 g6 6. f3 Bg7 7. Be3 Nc6 8.
Nxc6 bxc6 9. Bc4 O-O 10. Qd2 Be6 11. Bb3 Qa5 12. O-O Rfd8 13. Rfd1 Nd7 14.
Bg5 Bf6 15. Bxf6 Nxf6 16. Kh1 Qc5 17. Na4 Qe5 18. Re1 Kg7 19. Rad1 Rab8 20.
Qe3 c5 21. f4 Qh5 22. Bxe6 fxe6 23. h3 e5 24. b3 Rb4 25. Nxc5 dxc5 26. Rxd8
Rxe4 27. Qc3 Rxe1+ 28. Qxe1 e4 29. Qc3 Qe2 30. Qxc5 Qf1+ 31. Qg1 Qxf4 32.
Qxa7 Qe5 33. Qd4 Qf4 34. Qg1 Nh5 35. Qd4+ Kh6 36. Qd2 e3 37. Qe1 Qf2 38.
Rd1 Ng3+ 39. Kh2 Qf4 40. Qxg3 1-0

[Event "Turniej Niepodleglosci 2024"]
[Site "Warsaw POL"?"]
[Date "2024.11.11"]
[Round "7.9"]
[White "Heberla, Bartlomiej"]
[Black "Budzisz, Adrian"]
[Result "1-0"]
[WhiteElo "2454"]
[BlackElo "2083"]

1. Nf3 Nf6 2. c4 c6 3. d4 d5 4. Nc3 e6 5. e3 Bd6 6. Qc2 Nbd7 7. Be2 O-O 8.
O-O b6 9. e4 dxe4 10. Nxe4 Be7 11. Nc3 Bb7 12. Rd1 c5 13. d5 exd5 14. cxd5
Bd6 15. Bg5 Re8 16. Bb5 h6 17. Bxf6 gxf6 18. Qf5 Bc8 19. Ne4 Ne5 20. Nxf6+
Kf8 21. Qf4 Nxf3+ 22. Qxf3 Re5 23. Ne4 Bf5 24. Nxd6 Qxd6 25. Bc6 Rd8 26.
Re1 Bd7 27. Qc3 Rg5 28. Bxd7 Rxd7 29. Qh8+ Rg8 30. Re8+ Kxe8 31. Qxg8+ Qf8
32. Re1+ Re7 33. Rxe7+ Kxe7 34. d6+ 1-0

[Event "Turniej Niepodleglosci 2024"]
[Site "Warsaw POL"?"]
[Date "2024.11.11"]
[Round "7.10"]
[White "Kanarkiewicz, Michal"]
[Black "Gahan, M G"]
[Result "1-0"]
[WhiteElo "2074"]
[BlackElo "2175"]

1. f4 d6 2. Nf3 g6 3. g3 Bg7 4. Bg2 e5 5. d3 Ne7 6. O-O Nbc6 7. e4 O-O 8.
f5 d5 9. Nh4 Qd6 10. Nd2 Bf6 11. exd5 Bxh4 12. dxc6 Bf6 13. Nc4 Qb4 14. c3
Qb5 15. a4 Qa6 16. b4 b5 17. Ne3 Rb8 18. Ng4 Bxf5 19. Nxf6+ Kg7 20. Ne4
Qxc6 21. Bd2 Qb6+ 22. Kh1 Rbd8 23. Qe2 h5 24. Nc5 f6 25. Be4 Bg4 26. Bf3
Bf5 27. Be4 Bg4 28. Qe3 Rh8 29. axb5 Nf5 30. Bxf5 Bxf5 31. c4 h4 32. Ra6
Qb8 33. g4 Qa8+ 34. Kg1 h3 35. Rf2 Rd4 36. gxf5 Rg4+ 37. Kf1 Qh1+ 38. Ke2
gxf5 39. Qf3 Rg2 40. Qxf5 Rxf2+ 41. Qxf2 Qg2 42. Rxf6 Rh4 43. Rf7+ Kg6 44.
Rf6+ Kg7 45. Rf3 Rg4 46. Ne4 Qh1 47. Rg3 Rxg3 48. Nxg3 Qa1 49. Qf5 Qg1 50.
Qxh3 Qb6 51. Qh6+ Qxh6 52. Bxh6+ Kxh6 53. Ke3 1-0

[Event "Turniej Niepodleglosci 2024"]
[Site "Warsaw POL"?"]
[Date "2024.11.11"]
[Round "8.1"]
[White "Radzimski, Antoni"]
[Black "Krasenkow, Michal"]
[Result "0-1"]
[WhiteElo "2127"]
[BlackElo "2399"]

1. d4 d6 2. e4 Nf6 3. Nc3 c6 4. f4 Qa5 5. Nf3 Nxe4 6. Bd2 Nxd2 7. Qxd2 Bg4
8. Be2 e6 9. O-O-O Be7 10. h3 Bxf3 11. Bxf3 d5 12. f5 exf5 13. Rde1 Qd8 14.
Qg5 Kf8 15. Qxf5 g6 16. Qd3 Kg7 17. g3 Qd6 18. Kb1 Bf6 19. h4 h5 20. g4
hxg4 21. Bxg4 Bxh4 22. Ref1 Na6 23. Ne2 Rae8 24. Rhg1 Bg5 25. Bf5 Re3 26.
Qd1 Rh2 27. Nc1 Rg3 28. Ne2 Rxg1 29. Rxg1 Qe7 30. Ng3 Qe3 31. Bg4 Qd2 32.
Qxd2 Rxd2 33. c3 Nc7 34. Bc8 b6 35. Nf5+ Kf6 36. Nd6 Bf4 37. Rf1 g5 38. Nf5
Ne6 39. Nh6 Kg6 40. Ng8 Bd6 41. Bb7 Nf4 42. Rh1 Bf8 43. Bxc6 g4 44. Rg1 f5
45. Rh1 g3 46. Be8+ Kg5 47. Kc1 Rf2 48. Kd1 g2 0-1

[Event "Turniej Niepodleglosci 2024"]
[Site "Warsaw POL"?"]
[Date "2024.11.11"]
[Round "8.2"]
[White "Czernek, Tymon"]
[Black "Jarmula, Lukasz"]
[Result "1/2-1/2"]
[WhiteElo "2240"]
[BlackElo "2307"]

1. e4 d6 2. d4 Nf6 3. Nc3 Nc6 4. Nf3 g6 5. Bb5 a6 6. Ba4 b5 7. Bb3 Na5 8.
e5 Nxb3 9. axb3 dxe5 10. dxe5 Qxd1+ 11. Nxd1 Nd5 12. Nd4 Bb7 13. O-O c5 14.
Ne2 Bg7 15. f4 g5 16. fxg5 Bxe5 17. c3 O-O 18. Ne3 Nxe3 19. Bxe3 Bd6 20.
Ng3 Bd5 21. c4 bxc4 22. bxc4 Bxc4 23. Rfc1 Be6 24. Bxc5 Bf4 25. Rf1 Bxg5
26. Ne4 Rfc8 27. b4 h6 28. Nxg5 hxg5 29. Bxe7 g4 30. Ra5 f5 31. Re5 1/2-1/2

[Event "Turniej Niepodleglosci 2024"]
[Site "Warsaw POL"?"]
[Date "2024.11.11"]
[Round "8.3"]
[White "Niezhentsev, Kyrylo"]
[Black "Heberla, Bartlomiej"]
[Result "0-1"]
[WhiteElo "2232"]
[BlackElo "2454"]

1. c4 Nf6 2. g3 g6 3. Bg2 Bg7 4. Nf3 O-O 5. O-O d6 6. d4 c6 7. Nc3 Bf5 8.
Ne1 e5 9. d5 cxd5 10. cxd5 a5 11. e4 Bd7 12. Nd3 Na6 13. a3 Rc8 14. h3 b6
15. Be3 h5 16. Qd2 Nc5 17. Qd1 h4 18. g4 Nh7 19. b4 Nxd3 20. Qxd3 Bf6 21.
Nb5 Bxb5 22. Qxb5 Rb8 23. Rac1 Bg5 24. Qd3 axb4 25. axb4 b5 26. Rc6 Qf6 27.
Rfc1 Rfd8 28. Bxg5 Nxg5 29. Ra1 Ra8 30. Rac1 Ra2 31. R1c2 Rda8 32. Rxa2
Rxa2 33. Qe3 Rb2 34. Rc8+ Kg7 35. Rb8 Rxb4 36. Rb6 Rb1+ 37. Kh2 b4 38. Rb5
Qf4+ 39. Qxf4 exf4 40. e5 dxe5 41. d6 f3 42. Bh1 Rd1 43. Rxe5 Kf6 44. Rb5
Rxd6 45. Rxb4 Rd2 46. Bxf3 Nxf3+ 47. Kg2 Ne5 48. Rb6+ Kg7 49. Kg1 g5 50.
Rb5 f6 51. Rb4 Kg6 52. f4 Nf3+ 53. Kf1 gxf4 54. Rxf4 Ng5 55. Rf5 Rd3 56.
Kg2 Rg3+ 0-1

[Event "Turniej Niepodleglosci 2024"]
[Site "Warsaw POL"?"]
[Date "2024.11.11"]
[Round "8.4"]
[White "Kashlinskaya, Alina"]
[Black "Rekuc, Patryk"]
[Result "1-0"]
[WhiteElo "2383"]
[BlackElo "2211"]

1. d4 Nf6 2. c4 e6 3. Nc3 Bb4 4. e3 O-O 5. Bd3 d5 6. a3 Bxc3+ 7. bxc3 c5 8.
Ne2 Qc7 9. cxd5 Nxd5 10. e4 Ne7 11. O-O cxd4 12. cxd4 Bd7 13. Bb2 Qa5 14.
Ng3 Nbc6 15. Nh5 Ng6 16. Rb1 Rad8 17. Nxg7 Kxg7 18. d5+ Kg8 19. dxc6 Bxc6
20. Qf3 e5 21. Bc4 Kg7 22. Rfd1 f6 23. g3 Rxd1+ 24. Rxd1 Rd8 25. Rxd8 Qxd8
26. Bc3 b6 27. h4 Qd7 28. h5 Ne7 29. h6+ Kg6 30. Be2 Qh3 31. Bb4 Ng8 32.
Bc4 Nxh6 33. Be7 Ng4 34. Qf5+ Kg7 35. Bxf6+ Kf8 36. Bg5+ 1-0

[Event "Turniej Niepodleglosci 2024"]
[Site "Warsaw POL"?"]
[Date "2024.11.11"]
[Round "8.5"]
[White "Jakubowski, Krzysztof"]
[Black "Orzech, Dominik"]
[Result "1-0"]
[WhiteElo "2351"]
[BlackElo "2201"]

1. e4 c5 2. Nf3 Nc6 3. d4 cxd4 4. Nxd4 g6 5. c4 Bg7 6. Be3 Nf6 7. Nc3 Ng4
8. Qxg4 Nxd4 9. Qd1 Ne6 10. Rc1 Qa5 11. Be2 d6 12. O-O Bd7 13. Nd5 Bc6 14.
b4 Qxa2 15. Bg4 Rd8 16. Re1 b6 17. Qf3 Bxd5 18. exd5 Nd4 19. Qe4 f5 20. Qd3
Qb3 21. Qd2 fxg4 22. Bxd4 Bxd4 23. Qxd4 O-O 24. Rxe7 Rf7 25. Rxf7 Kxf7 26.
Qxg4 Re8 27. Qd7+ Re7 28. Qxd6 Qb2 29. Qf4+ Kg8 30. c5 Rf7 31. Qe3 Rxf2 32.
Re1 Rxg2+ 33. Kf1 Rxh2 34. Qe8+ Kg7 35. Qe5+ Qxe5 36. Rxe5 bxc5 37. bxc5
Kf6 38. Re6+ Kf5 39. c6 Rd2 40. c7 Rc2 41. Rc6 1-0

[Event "Turniej Niepodleglosci 2024"]
[Site "Warsaw POL"?"]
[Date "2024.11.11"]
[Round "8.6"]
[White "Gdanski, Jacek"]
[Black "Golis, Wiktor"]
[Result "1/2-1/2"]
[WhiteElo "2343"]
[BlackElo "2144"]

1. e4 c6 2. d4 d5 3. exd5 cxd5 4. c4 Nf6 5. Nc3 Nc6 6. Nf3 a6 7. cxd5 Nxd5
8. Bc4 Be6 9. Bb3 Nxc3 10. bxc3 Bxb3 11. axb3 e6 12. O-O Be7 13. c4 O-O 14.
d5 exd5 15. Qxd5 Qxd5 16. cxd5 Nb4 17. Rd1 Rfd8 18. Ra5 b6 19. Ra4 Nxd5 20.
Bb2 b5 21. Raa1 Bf6 22. Be5 Bxe5 23. Nxe5 Nb4 24. Nd7 Rac8 25. g3 f6 26.
Nb6 Rxd1+ 27. Rxd1 Rc3 28. Rd8+ Kf7 29. Rd7+ Ke6 30. Rxg7 Rxb3 31. Rxh7 a5
32. Ra7 a4 33. Nxa4 bxa4 34. Rxa4 Nd3 35. Re4+ Kf5 36. Re2 Rb1+ 37. Kg2
Ne1+ 38. Kf1 Nd3+ 39. Kg2 Ne1+ 40. Kf1 Nd3+ 1/2-1/2

[Event "Turniej Niepodleglosci 2024"]
[Site "Warsaw POL"?"]
[Date "2024.11.11"]
[Round "8.7"]
[White "Nguyen, Piotr"]
[Black "Terkiewicz, Bruno"]
[Result "1-0"]
[WhiteElo "2295"]
[BlackElo "2137"]

1. c4 Nf6 2. g3 e6 3. Bg2 d5 4. Nf3 c6 5. O-O dxc4 6. a4 a5 7. Qc2 Be7 8.
Na3 O-O 9. Nxc4 Na6 10. d3 Nb4 11. Qb3 b6 12. Rd1 Bb7 13. e4 b5 14. Nce5
Nd7 15. d4 Nb6 16. h4 Nxa4 17. Nxf7 Rxf7 18. Ne5 Rf6 19. Bg5 Qe8 20. Rac1
Rd8 21. Bh3 Rd6 22. Bxf6 Bxf6 23. Nc4 bxc4 24. Qxa4 Bxd4 25. Qxa5 c5 26.
Qc7 Qf7 27. Qb8+ Qf8 28. Qxb7 Qxf2+ 29. Kh1 Qxg3 30. Qc8+ Kf7 31. Rf1+ Kg6
32. Rg1 Bxg1 33. Rxg1 Rd1 34. Qxe6+ Kh5 35. Rxd1 Qf3+ 36. Kh2 Qe2+ 37. Kg3
Qe3+ 38. Kh2 Qe2+ 39. Bg2 Qxd1 40. Qf5+ Kxh4 41. Qxh7+ Qh5 42. Qxg7 Qg5 43.
Qh7+ Kg4 44. Qh3+ Kf4 45. Qf3+ Ke5 46. Qc3+ Kd6 47. Qxc4 Qf4+ 48. Kh3 Qh6+
49. Kg3 Qg7+ 50. Kf3 Qf6+ 51. Ke3 Qxb2 52. Bf3 Qh2 53. Qb5 Qg1+ 54. Kf4
Qh2+ 55. Kg4 Qg1+ 56. Kf5 Qg3 57. Qb8+ 1-0

[Event "Turniej Niepodleglosci 2024"]
[Site "Warsaw POL"?"]
[Date "2024.11.11"]
[Round "8.8"]
[White "Wiech, Grzegorz"]
[Black "Zochowski, Kacper"]
[Result "0-1"]
[WhiteElo "2123"]
[BlackElo "2273"]

1. e4 c5 2. Nf3 e6 3. d4 cxd4 4. Nxd4 Nc6 5. Nb3 Nf6 6. Bd3 Be7 7. Nc3 a6
8. O-O b5 9. a3 d6 10. f4 O-O 11. Qf3 e5 12. Nd5 Be6 13. Be3 exf4 14. Bxf4
Ne5 15. Qe2 Nxd3 16. Qxd3 Bxd5 17. exd5 Nd7 18. Nd4 Ne5 19. Qg3 Bf6 20. Kh1
Re8 21. Rad1 Kh8 22. c3 Rc8 23. Qh3 Ng6 24. Nc6 Qc7 25. Bg3 Re3 26. Qf5
Rce8 27. Qf2 R3e4 28. Qc2 Re2 29. Rd2 R2e3 30. Rdf2 Qd7 31. Qd2 Kg8 32. Nd4
R3e4 33. Nf5 Be5 34. Qd3 Bxg3 35. Nxg3 Re3 36. Qd4 R3e5 37. h3 f6 38. Nf5
Ne7 39. Qg4 Nxf5 40. Rxf5 Rxf5 41. Rxf5 Qe7 42. Kh2 Qe3 43. Rxf6 Qe5+ 44.
Rf4 g5 45. g3 Qe2+ 46. Kg1 Kh8 47. Qxg5 Qe3+ 48. Kg2 Qd2+ 49. Kf3 Qe2# 0-1

[Event "Turniej Niepodleglosci 2024"]
[Site "Warsaw POL"?"]
[Date "2024.11.11"]
[Round "8.9"]
[White "Fiszer, Bartosz"]
[Black "Kanarkiewicz, Michal"]
[Result "1-0"]
[WhiteElo "2235"]
[BlackElo "2074"]

1. Nf3 Nf6 2. g3 g6 3. b3 Bg7 4. Bb2 O-O 5. Bg2 d6 6. d4 c5 7. O-O Nc6 8.
d5 Na5 9. c4 a6 10. Nbd2 b5 11. e4 Rb8 12. Qc2 Qb6 13. Rab1 Bd7 14. Rfe1
Rfe8 15. Bc3 e5 16. dxe6 Bxe6 17. Ng5 Nc6 18. Nxe6 Rxe6 19. Nf1 Nd4 20. Qd3
Ng4 21. f4 Rbe8 22. Bh3 f5 23. exf5 Rxe1 24. Rxe1 Rxe1 25. Bxe1 gxf5 26.
Bg2 Qd8 27. h3 Nf6 28. Ne3 Qe8 29. Bf2 Ne4 30. Nxf5 Nxf2 31. Kxf2 Nxf5 32.
Bd5+ Kh8 33. Qxf5 Bd4+ 34. Kf3 Qe3+ 35. Kg4 Qe2+ 36. Bf3 Qe8 37. h4 bxc4
38. bxc4 Kg7 39. Kh3 Qg6 40. Be4 Qxf5+ 41. Bxf5 a5 42. a4 h6 43. g4 Be3 44.
Kg3 Bd2 45. g5 Be1+ 46. Kg4 hxg5 47. hxg5 Bd2 48. Be4 Kf7 49. f5 Kg7 50.
f6+ Kf7 51. Kf5 Bc3 52. g6+ Kf8 53. g7+ 1-0